<?xml version="1.0" encoding="UTF-8"?>
<record
    xmlns:xsi="http://www.w3.org/2001/XMLSchema-instance"
    xsi:schemaLocation="http://www.loc.gov/MARC21/slim http://www.loc.gov/standards/marcxml/schema/MARC21slim.xsd"
    xmlns="http://www.loc.gov/MARC21/slim">

  <leader>01973nam a22002777a 4500</leader>
  <controlfield tag="008">170607s2008        ag||||| |||| 00| 0 spa d</controlfield>
  <datafield tag="020" ind1=" " ind2=" ">
    <subfield code="a">9789871398027</subfield>
  </datafield>
  <datafield tag="082" ind1="0" ind2="4">
    <subfield code="a">701.18</subfield>
    <subfield code="b">V547r</subfield>
  </datafield>
  <datafield tag="100" ind1="1" ind2=" ">
    <subfield code="a">Ver&#xF3;n, Natalia Laura.</subfield>
    <subfield code="9">5801</subfield>
  </datafield>
  <datafield tag="245" ind1="1" ind2="3">
    <subfield code="a">El rol del cr&#xED;tico de arte en la Argentina del siglo XX /</subfield>
    <subfield code="c">Natalia Laura Ver&#xF3;n, Mar&#xED;a Gabriela Vicente Irraz&#xE1;bal, Paula Zingoni y Ricardo Ibarluc&#xED;a.</subfield>
  </datafield>
  <datafield tag="250" ind1=" " ind2=" ">
    <subfield code="a">1a ed.</subfield>
  </datafield>
  <datafield tag="260" ind1=" " ind2=" ">
    <subfield code="a">Buenos Aires, Argentina :</subfield>
    <subfield code="b">Fundaci&#xF3;n Espigas,</subfield>
    <subfield code="c">2008.</subfield>
  </datafield>
  <datafield tag="300" ind1=" " ind2=" ">
    <subfield code="a">320 p&#xE1;ginas</subfield>
    <subfield code="b">ilustraciones (algunas a color).</subfield>
  </datafield>
  <datafield tag="500" ind1=" " ind2=" ">
    <subfield code="a">Presenta los trabajos ganadores de la XI Premio Fundaci&#xF3;n Telef&#xF3;nica a la Investigaci&#xF3;n en Historia de las Artes Pl&#xE1;sticas 2007 en Argentina: -Primer premio: Natalia Laura Ver&#xF3;n y Mar&#xED;a Gabriela Vicente Irraz&#xE1;bal -Segundo premio: Paula Zingoni y Ricardo Ibarluc&#xED;a -Menci&#xF3;n especial: Mar&#xED;a Isabel Baldasarre. Jurado: Patricia Artundo, Fabi&#xE1;n Lebenglik y Guillermo Whitelow.</subfield>
  </datafield>
  <datafield tag="505" ind1="0" ind2=" ">
    <subfield code="t">Presentaci&#xF3;n</subfield>
    <subfield code="r">Mauro Herlitzka, Presidente del Consejo de Administraci&#xF3;n de Fundaci&#xF3;n Espigas.</subfield>
    <subfield code="t">Presentaci&#xF3;n</subfield>
    <subfield code="r">Carmen Grillo, Directora de la Fundaci&#xF3;n Telef&#xF3;nica.</subfield>
    <subfield code="t">Presentaci&#xF3;n</subfield>
    <subfield code="r">Guillermo Whitelow, Jurado.</subfield>
    <subfield code="t">Est&#xE9;tica, arte, militancia: Un recorrido a trav&#xE9;s de los escritos de Cayetano C&#xF3;rdova Iturburu</subfield>
    <subfield code="r">Natalia Laura Ver&#xF3;n y Mar&#xED;a Gabriela Vicente Irraz&#xE1;bal.</subfield>
    <subfield code="t">Jos&#xE9; Le&#xF3;n Pagano y los fundamentos filos&#xF3;ficos de la cr&#xED;tica de arte</subfield>
    <subfield code="r">Paula Zingoni y Ricardo Ibarluc&#xED;a.</subfield>
    <subfield code="t">Ganadores del Premo Fundaci&#xF3;n Telef&#xF3;nica a la Investigaci&#xF3;n en Historia de las Artes Pl&#xE1;sticas 1997-2007.</subfield>
  </datafield>
  <datafield tag="653" ind1="1" ind2="0">
    <subfield code="a">Arte contempor&#xE1;neo</subfield>
  </datafield>
  <datafield tag="653" ind1="1" ind2="0">
    <subfield code="a">Arte - Cr&#xED;tica e interpretaci&#xF3;n</subfield>
  </datafield>
  <datafield tag="653" ind1="1" ind2="0">
    <subfield code="a">Ensayos - Arte</subfield>
  </datafield>
  <datafield tag="653" ind1="1" ind2="0">
    <subfield code="a">Arte - Argentina</subfield>
  </datafield>
  <datafield tag="653" ind1="1" ind2="0">
    <subfield code="a">Artes pl&#xE1;sticas</subfield>
  </datafield>
  <datafield tag="653" ind1="1" ind2="0">
    <subfield code="a">Cr&#xED;tica del arte</subfield>
  </datafield>
  <datafield tag="653" ind1="1" ind2="0">
    <subfield code="a">Historia del arte</subfield>
  </datafield>
  <datafield tag="700" ind1="1" ind2=" ">
    <subfield code="a">Vicente Irraz&#xE1;bal, Mar&#xED;a Gabriela.</subfield>
    <subfield code="e">coautora.</subfield>
    <subfield code="9">5802</subfield>
  </datafield>
  <datafield tag="700" ind1="1" ind2=" ">
    <subfield code="a">Zingoni, Paula.</subfield>
    <subfield code="e">coautora.</subfield>
    <subfield code="9">5803</subfield>
  </datafield>
  <datafield tag="700" ind1="1" ind2=" ">
    <subfield code="a">Ibarluc&#xED;a, Ricardo.</subfield>
    <subfield code="e">coautora.</subfield>
    <subfield code="9">5804</subfield>
  </datafield>
  <datafield tag="999" ind1=" " ind2=" ">
    <subfield code="c">1189</subfield>
    <subfield code="d">1189</subfield>
  </datafield>
  <datafield tag="952" ind1=" " ind2=" ">
    <subfield code="0">0</subfield>
    <subfield code="1">0</subfield>
    <subfield code="2">ddc</subfield>
    <subfield code="4">0</subfield>
    <subfield code="7">0</subfield>
    <subfield code="a">LV</subfield>
    <subfield code="b">LV</subfield>
    <subfield code="c">Monograf&#xED;as</subfield>
    <subfield code="d">2017-06-07</subfield>
    <subfield code="l">0</subfield>
    <subfield code="o">701.18 V547r</subfield>
    <subfield code="p">004390</subfield>
    <subfield code="r">2017-06-07 00:00:00</subfield>
    <subfield code="w">2017-06-07</subfield>
    <subfield code="y">01</subfield>
  </datafield>
</record>
